El aprendizaje por el juego: en la etapa maternal y preescolar
Sparad:
| Huvudupphovsman: | |
|---|---|
| Materialtyp: | Bok |
| Språk: | spanska |
| Publicerad: |
Ciudad de México
Pax México
1990
|
| Ämnen: | |
| Taggar: |
Lägg till en tagg
Inga taggar, Lägg till första taggen!
|
MARC
| LEADER | 00000nam a2200000 a 4500 | ||
|---|---|---|---|
| 001 | UCW5690 | ||
| 003 | CL-VaPUC | ||
| 008 | 910729e19900000MX |||||||||||||||||spa|d | ||
| 082 | 0 | 4 | |a 796.019 |b ZAP |2 21 |
| 100 | 0 | |a Zapata, Oscar A |e author |9 310667 | |
| 245 | 1 | 3 | |a El aprendizaje por el juego: en la etapa maternal y preescolar |
| 300 | |a 156 p | ||
| 942 | |c BK | ||
| 945 | |d 19910729 00:00:00 | ||
| 260 | |a Ciudad de México |b Pax México |c 1990 | ||
| 650 | 0 | |a Juegos educativos |9 307366 | |
| 650 | 0 | |a Juegos infantiles |9 307365 | |
| 650 | 0 | |a Educación física |9 240893 | |
| 650 | 0 | |a Niños |9 255605 | |
| 650 | 0 | |a Aptitud motora |9 307353 | |
| 583 | |a last modification |c 20170913 12:00:32 |k Rodrigo Vera | ||
| 999 | |c 219034 |d 219032 | ||
| 952 | |0 0 |1 0 |4 0 |6 796_019000000000000_ZAP_1990 |7 0 |8 A |9 209476 |a BIBEDU |b BIBEDU |d 2019-11-15 |i 2773570 |o 796.019 ZAP 1990 |p 2773570 |r 2019-11-15 |w 2019-11-15 |y BK |k EDU | ||